000 00229nam a22001217a 4500
041 _aeng
080 _a51
090 _bGOO
100 _aGoodman, A. W.
245 _aThe Pleasures of Math.
650 _aScience
999 _c279508
_d279508
942 _cBK